01447 2200421 4500001002100000005001500021035002000036007000300056008004100059020002200100040002200122082001400144084001600158090002000174090002200194100002700216245023600243250002900479300005100508650002200559700003200581700002600613700003600639700003000675700002600705700002700731700003100758700002700789850001200816504003000828264003000858264001900888336002100907337003000928338002300958999002200981990002201003INLIS00000000085550220200703085153 a0010-0420000010ta200402t2019 yoia g | ind d a978-623-01-0287-5 aYOPDYOGbinderda04223a004.6 a004.6 ONN i aDEP 004.6 ONN i aCB-D.11 2019-25320 aOnno W. PurboePenulis10aIPv6 untuk mendukung operasi jaringan dan domain name system /cpenulis, Onno W. Purbo, Andi Budimansyah, Heru Mugroho, Mohamad Shidiq Purnama, Teddy A. Purwadi, Jamalul Izza, Saputra Idrus, Yudha Febi Irawan; penyunting Aditya A.C aEdisi I, cetakan I, 2019 axxii, 298 halaman :bilustrasi, tabel ;c23 cm 4aJaringan komputer0 aAndi Budimansyah aepenulis0 aHeru Nugrohoepenulis0 aMohamad Shidiq Purnamaepenulis0 aTeddy A. PurwadiePenulis0 aJamalul Izzaepenulis0 aSaputra IdrusePenulis0 aYudha Febi IrawanePenulis0 aAditya A.Cepenyunting aYOPDYOG aBibliografi : halaman 29431aYogyakarta :bANDI,c201934a©2019 penulis 2rdacontentateks 2rdamediaatanpa perantara 2rdacarrieravolume aCB-D.11/2019-2532 aCB-D.11/2019-2532